All Enter The Gungeon Bosses - Statistics

General Stats
  • This quiz has been taken 125 times
  • The average score is 15 of 26
Answer Stats
Answer % Correct
Bullet King
92%
Gatling Gull
89%
Ammoconda
76%
Cannon
74%
Gorgun
74%
Lich
74%
Old King
73%
Trigger Twins
73%
Beholster
70%
High Dragun
67%
Blobulord
63%
Resourceful Rat
62%
High Priest
58%
Cannonbalrog
57%
Mine Flayer
56%
Kill Pillars
53%
Treadnaught
51%
The Last Human
49%
Wallmonger
48%
Interdimensional Horror
43%
Agunim
42%
Door Lord
42%
Blockner
41%
Black Stache
33%
Dr Wolf’s Monster
22%
HS Absolution
19%
No matching quizzes found
Score Distribution
Percent of People with Each Score
Percentile by Number Answered
Your Score History
You have not taken this quiz